[Event "WJun"]
[Site "Athens GRE"]
[Date "2001.08.20"]
[Round "5"]
[White "Sargissian,G"]
[Black "Izoria,Z"]
[Result "1-0"]
[WhiteElo "2514"]
[BlackElo "2486"]

1.d4 Nf6 2.Bg5 d5 3.e3 Nbd7 4.Nf3 e6 5.c4 Be7 6.Nc3 O-O 7.cxd5 Nxd5 8.Bxe7 Qxe7
9.Bd3 Nxc3 10.bxc3 b6 11.O-O Bb7 12.a4 e5 13.Bf5 Rad8 14.a5 g6 15.Bh3 Qd6
16.axb6 axb6 17.Ra7 Be4 18.Qa4 Bxf3 19.gxf3 Nf6 20.Qc4 Nd5 21.Bg2 b5 22.Qxb5 c6
23.Qc4 Ra8 24.dxe5 Qe6 25.Rxa8 Rxa8 26.f4 Ra3 27.h3 Rxc3 28.Bxd5 Rxc4 29.Bxe6 fxe6
30.Rd1 h6 31.Kg2 g5 32.Rd4 Rc5 33.Rd7 gxf4 34.exf4 Rc4 35.Kg3 Rc3+ 36.Kg4 Kf8
37.Rh7 Rc2 38.Rxh6 Kf7 39.Rh7+ Kf8 40.Rc7 Ke8 41.f5 exf5+ 42.Kg5 Kd8 43.Ra7 Re2
44.Kf6  1-0

[Event "21st Open"]
[Site "Bratto ITA"]
[Date "2001.08.22"]
[Round "1"]
[White "Zichichi,A"]
[Black "Mieli,M"]
[Result "1-0"]
[WhiteElo "2293"]
[BlackElo "2058"]

1.d4 Nf6 2.Bg5 g6 3.Nd2 Bg7 4.c3 d6 5.Ngf3 O-O 6.e4 c5 7.Be2 b6 8.O-O Ba6
9.e5 dxe5 10.dxe5 Nd5 11.Bxa6 Nxa6 12.Qa4 Nac7 13.Qh4 Ne6 14.Bh6 f6 15.exf6 exf6
16.Rad1 Ne7 17.Rfe1 Bxh6 18.Rxe6 Nf5 19.Qc4 Kh8 20.Qe2 Qd5 21.Nc4 Qb7 22.Nd6 Nxd6
23.Rdxd6 Rad8  1-0

[Event "10th Open"]
[Site "Kavala GRE"]
[Date "2001.08.23"]
[Round "3"]
[White "Vasilev,M"]
[Black "Krasenkow,M"]
[Result "0-1"]
[WhiteElo "2377"]
[BlackElo "2573"]

1.d4 Nf6 2.Bg5 c5 3.Nc3 d5 4.Bxf6 gxf6 5.e4 dxe4 6.dxc5 f5 7.Qxd8+ Kxd8 8.Rd1+ Bd7
9.Bc4 e6 10.g4 fxg4 11.Nxe4 Ke7 12.Ne2 Bc6 13.N2g3 f5 14.Ng5 Bxh1 15.Nxh1 Kf6
16.Nxe6 Nc6 17.Ng3 h5 18.Ne2 Ne5 19.Bd5 Re8 20.N2f4 Bxc5 21.Kf1 b6 22.Bb3 Ng6
23.Rd7 Re7 24.Nxg6 Rxd7 25.Nxc5 Rd1+ 26.Ke2 Rhd8 27.Nd3 R1xd3  0-1

[Event "Open"]
[Site "Lisbon POR"]
[Date "2001.08.23"]
[Round "3"]
[White "De la Villa Garcia,J"]
[Black "Ferreira,P"]
[Result "1-0"]
[WhiteElo "2470"]
[BlackElo "2060"]

1.d4 Nf6 2.Bg5 g6 3.Bxf6 exf6 4.c4 Bg7 5.Nc3 O-O 6.e3 Re8 7.Nge2 d6 8.g3 c6
9.Bg2 Nd7 10.Qd3 f5 11.b4 Nf6 12.b5 Qc7 13.O-O Bd7 14.a4 Re7 15.a5 Rae8 16.a6 b6
17.Nf4 Qc8 18.bxc6 Bxc6 19.Bxc6 Qxc6 20.Nfd5 Nxd5 21.Nxd5 Rd7 22.Qb3 h5 23.Qb5 Qxb5
24.cxb5 g5 25.Rac1 f6 26.Rc6 Kf7 27.Rfc1 Ke6 28.Nc7+  1-0

[Event "Schneider Bohemia Open"]
[Site "Pilsen CZE"]
[Date "2001.08.24"]
[Round "7"]
[White "Lys,J"]
[Black "Jedlicka,A"]
[Result "1-0"]
[WhiteElo "2353"]
[BlackElo "2253"]

1.d4 Nf6 2.Bg5 g6 3.c4 Bg7 4.Nc3 O-O 5.Nf3 d6 6.e3 c5 7.Be2 cxd4 8.exd4 Bg4
9.Qb3 Nc6 10.Rd1 Qa5 11.Be3 Qb4 12.Qxb4 Nxb4 13.Rd2 Rac8 14.O-O Bxf3 15.Bxf3 Rxc4
16.a3 Na6 17.Bxb7 Nb8 18.Nb5 Ra4 19.b3 Ra5 20.a4 a6 21.Nc7 Ne8 22.Rc2 Nxc7
23.Rxc7 e6 24.g4  1-0

[Event "21st Open"]
[Site "Bratto ITA"]
[Date "2001.08.25"]
[Round "4"]
[White "Piva,G"]
[Black "Pagnoncelli,M"]
[Result "0-1"]
[WhiteElo "2133"]
[BlackElo "2064"]

1.d4 Nf6 2.Bg5 g6 3.Bxf6 exf6 4.c4 Bg7 5.Nc3 d6 6.g3 O-O 7.Bg2 f5 8.e3 Nd7
9.Nge2 Nf6 10.O-O c6 11.b4 Rb8 12.Rb1 Re8 13.b5 c5 14.Qa4 Qb6 15.Rfd1 Be6
16.dxc5 Qxc5 17.Nd5 Bxd5 18.Bxd5 Ng4 19.Qb4 Qb6 20.Nd4 Nxe3 21.fxe3 Rxe3
22.Qd2 Bxd4 23.Kg2 Bc3 24.Qc2 Rbe8 25.Bf3 Qc5 26.Rd3 Qxc4 27.Rxe3 Rxe3 28.Rd1 Qxb5
29.Rxd6 b6 30.Rc6 Qd3 31.Qf2 Bb4 32.Rc8+ Kg7 33.Rd8 Qxd8 34.Qxe3 Qd2+ 35.Qxd2 Bxd2
36.Bc6 g5 37.h3 h6 38.Kf3 Kf6 39.Be8 Ke7 40.Bc6 f6 41.Bb5 Kd6 42.Ke2 Bc3
43.Kd3 Be1 44.g4 Ke5 45.Bd7 fxg4 46.hxg4 Kf4 47.Bc8 Bh4 48.Bd7 b5 49.Ke2 b4
50.Kd3 Be1 51.Ke2 Bc3 52.Kf2 a5 53.Kg2 a4  0-1

[Event "10th Open"]
[Site "Kavala GRE"]
[Date "2001.08.27"]
[Round "7"]
[White "Miladinovic,I"]
[Black "Dochev,D"]
[Result "1/2-1/2"]
[WhiteElo "2496"]
[BlackElo "2382"]

1.d4 Nf6 2.Bg5 c5 3.Bxf6 gxf6 4.dxc5 Qa5+ 5.c3 Qxc5 6.Nd2 Nc6 7.Ngf3 Ne5
8.e3 Rg8 9.a4 b6 10.Nb3 Qc7 11.Nbd4 Bb7 12.Qc2 Rg7 13.Qf5 Rg6 14.Nxe5 Qxe5
15.Qxe5 fxe5 16.Nb5 Kd8 17.f3 e6 18.Kf2 f5 19.Be2 a6 20.Na3 f4 21.Nc4 Bc5
22.Nxe5 Bxe3+ 23.Kf1 Rg7 24.Nc4 Kc7 25.Nxe3 fxe3 26.Rd1 Rag8 27.Rg1 Rg5 28.Rd3 Re5
29.Rd4 Bc6 30.Bd3 Ra5 31.b3 b5 32.Ke2 bxa4 33.bxa4 Bxa4 34.Kxe3 Bc6 35.Bxh7 Rh8
36.Bd3 Rxh2 37.Be2 Ra3 38.Kd2 a5 39.Rg4 Ra2+ 40.Ke3 Rh8 41.Rb1 Ra3 42.Kd2 Ra2+
43.Ke3 Ra3 44.Kd2 Ra2+ 45.Ke3 Rh2 46.Rg5 a4 47.Ra5 Rxg2 48.Ra7+ Kd6 49.Bb5 Bxb5
50.Rxb5 Rge2+ 51.Kd3 Kc6 52.c4 Rad2+ 53.Kc3 Rc2+ 54.Kd3 Red2+ 55.Ke3 Rxc4
56.Rba5 Rd6 57.Rxa4 Rxa4 58.Rxa4  1/2-1/2

[Event "Open"]
[Site "Lisbon POR"]
[Date "2001.08.27"]
[Round "7"]
[White "Felizes,P"]
[Black "Silva,Fi"]
[Result "1-0"]
[WhiteElo "2134"]
[BlackElo "2027"]

1.d4 Nf6 2.Bg5 c5 3.Nc3 Qb6 4.dxc5 Qxb2 5.Bd2 Qa3 6.e4 Qxc5 7.Nf3 Ng4 8.Qe2 b6
9.Nd5 Ba6 10.c4 d6 11.Bb4 Qc8 12.e5 Nxe5 13.Nxe5 dxe5 14.Qxe5 Nd7 15.Qg3 e5
16.Qa3 Bxb4+ 17.Qxb4 Nc5 18.Qc3 Qb8 19.Be2 O-O 20.O-O Kh8 21.Rfe1 Ne6 22.Qh3 Nd4
23.Bd3 f5 24.Ne7 Qd6 25.Rxe5 Rad8 26.Rae1 Rfe8 27.Qh4 Bb7 28.Qg3  1-0

[Event "Open"]
[Site "Lisbon POR"]
[Date "2001.08.27"]
[Round "7"]
[White "Garcia Albarracin,F"]
[Black "Baldazzi,S"]
[Result "1-0"]
[WhiteElo "2369"]
[BlackElo "2147"]

1.d4 Nf6 2.Bg5 g6 3.Bxf6 exf6 4.e3 Bg7 5.c4 f5 6.g3 d6 7.Bg2 Nd7 8.Ne2 O-O
9.O-O Re8 10.Nbc3 Nf6 11.Qd3 Rb8 12.b4 b6 13.Nf4 Bb7 14.Nfd5 Qd7 15.Nxf6+ Bxf6
16.Bxb7 Rxb7 17.Nd5 Bg7 18.b5 Ra8 19.Nb4 Rbb8 20.Rab1 Re8 21.a4 Re4 22.Nd5 Rae8
23.Rfd1 Kh8 24.Ra1 a5 25.Rac1 f6 26.Qb3 Qf7 27.Qd3 Bf8 28.Nf4 Bh6 29.Ne2 R4e7
30.Nc3 Rd7 31.Nd5 Qe6 32.Rc2 g5 33.f4 Rf7 34.Kf2 Bf8 35.Re2 Rg7 36.Rde1 h6
37.Rd1 Qe4 38.Qb3 Rg6 39.Nc3 Qb7 40.Nd5 Qc8 41.h3 Rg7 42.Rde1 Be7 43.Qc2 Bd8
44.Nc3 c6 45.bxc6 Qxc6 46.Qb3 Rc7  1-0

[Event "ch-New York State"]
[Site "Rochester NY USA"]
[Date "2001.09.01"]
[Round "1"]
[White "Kharroubi,C"]
[Black "Benjamin,Joe"]
[Result "0-1"]
[WhiteElo "2154"]
[BlackElo "2587"]

1.d4 Nf6 2.Bg5 d5 3.Bxf6 exf6 4.e3 Bd6 5.c4 dxc4 6.Bxc4 O-O 7.Nc3 Nd7 8.Qh5 f5
9.O-O-O Nf6 10.Qf3 c6 11.Nge2 Qa5 12.Kb1 Bd7 13.Bd3 Rae8 14.h3 h6 15.Rhg1 h5
16.Ka1 g6 17.Nf4 Kg7 18.g3 Re7 19.Qe2 b5 20.Qc2 Rfe8 21.Rc1 Qb6 22.Qd1 a5
23.Be2 a4 24.Bf3 a3 25.b3 Rh8 26.Nd3 Ne4 27.g4 hxg4 28.hxg4 Qa5 29.Qc2 Qxc3+
30.Qxc3 Nxc3 31.Rxc3 fxg4 32.Bxg4 Bxg4 33.Rxg4 c5 34.Kb1 Rh1+ 35.Rc1 Rxc1+
36.Kxc1 f5 37.dxc5 fxg4 38.cxd6 Rd7 39.Ne5 Rxd6 40.Nxg4 Rd5 41.b4 Rg5 42.f3 Rh5
43.Kc2 Rh3 44.Ne5 Kf6 45.f4 Kf5  0-1

[Event "ch-ISL"]
[Site "Strandgotu ISL"]
[Date "2001.09.06"]
[Round "7"]
[White "Thorfinnsson,Bj"]
[Black "Ptacnikova,L"]
[Result "1-0"]
[WhiteElo "2220"]
[BlackElo "2272"]

1.d4 Nf6 2.Bg5 d5 3.e3 e6 4.Bf4 Ne4 5.f3 Nf6 6.Bd3 c5 7.c3 Nc6 8.Bg3 Qb6
9.b3 Bd7 10.Ne2 Be7 11.Nd2 O-O 12.h3 Rac8 13.f4 cxd4 14.exd4 Bd6 15.Nf3 Ne7
16.Ne5 Bb5 17.Bh4 Bxd3 18.Qxd3 Qc7 19.Bxf6 gxf6 20.Ng4 Kg7 21.Rc1 Bxf4 22.Qf3 Bxc1
23.Qxf6+ Kg8 24.O-O h5 25.Nxc1 hxg4 26.Qg5+ Ng6 27.Rf6 Kg7 28.Ne2 Rh8 29.Nf4 Rh6
30.hxg4 Qd8 31.Nh5+ Rxh5 32.gxh5 Qe8 33.hxg6 fxg6 34.Qe5 Kh6 35.Rf3 g5 36.Rf6+ Kh7
37.Qxg5 Rc7 38.Rh6+  1-0

[Event "5th Pablo Gorbea Mem Open"]
[Site "Madrid ESP"]
[Date "2001.09.10"]
[Round "4"]
[White "San Emeterio Cabanes,J"]
[Black "Lalic,B"]
[Result "0-1"]
[WhiteElo "2288"]
[BlackElo "2528"]

1.d4 Nf6 2.Bg5 c5 3.Nc3 cxd4 4.Qxd4 Nc6 5.Qh4 e6 6.e4 Be7 7.f4 Qa5 8.O-O-O d6
9.Nf3 h6 10.e5 dxe5 11.fxe5 Nxe5 12.Nxe5 Qxe5 13.Bb5+ Kf8 14.Bf4 Qc5 15.Qe1 a6
16.Bd3 Bd7 17.Ne4 Nxe4 18.Bxe4 Bc6 19.Rf1 Rc8 20.Bg6 Be8 21.Bd6 Qg5+ 22.Kb1 Qxg6
23.Bxe7+ Kg8 24.Rf2 Bc6 25.Rd3 Be4 26.Rg3 Bxc2+ 27.Ka1 Qe4 28.Re2 Qf4 29.Rf2 Bd1
30.a3 Rc1+ 31.Ka2 Qc4+  0-1

[Event "ch-UKR"]
[Site "Ordzhonikidze UKR"]
[Date "2001.09.11"]
[Round "4"]
[White "Moiseenko,A"]
[Black "Romanishin,O"]
[Result "1/2-1/2"]
[WhiteElo "2581"]
[BlackElo "2579"]

1.d4 Nf6 2.Bg5 g6 3.Bxf6 exf6 4.g3 Bg7 5.Bg2 d6 6.e3 f5 7.Ne2 O-O 8.O-O Nd7
9.c4 Nf6 10.Nbc3 Bd7 11.Qd3 Bc6 12.Nd5 Re8 13.Nec3 h5 14.b4 h4 15.Nxf6+ Bxf6
16.Nd5 Bxd5 17.cxd5 Qd7 18.Rfc1 Re7 19.Rc3 Bg5 20.Rac1 a6 21.Qc2 Rc8 22.a4 Kg7
23.Bf1 Qe8 24.Qb3 Qh8 25.Qd1 Qh6 26.Qf3 Rh8 27.Bg2 Ree8 28.Kf1 Bd8 29.Ke2 Qg5
30.Kd3 Qe7 31.Kc4 Qd7 32.Kb3 hxg3 33.hxg3 Rh2 34.Rh1 Rxh1 35.Bxh1 Rh8 36.Bg2 Rh2
37.Rc1 Qe8 38.Rh1 Rxh1 39.Bxh1 Bf6 40.Qd1 b6 41.Bf3 a5 42.bxa5 bxa5 43.Kc4 g5
44.Qb3 f4 45.Qb5 Qc8 46.g4  1/2-1/2

[Event "TCh-CRO Jun"]
[Site "Pula CRO"]
[Date "2001.09.12"]
[Round "3"]
[White "Doric,D"]
[Black "Sertic,Ru"]
[Result "1-0"]
[WhiteElo "2270"]
[BlackElo "2118"]

1.d4 Nf6 2.Bg5 c5 3.Bxf6 gxf6 4.d5 d6 5.g3 Bg7 6.Bg2 e5 7.e3 f5 8.c3 Na6
9.Nd2 Nc7 10.Ne2 Rb8 11.a4 b6 12.O-O a6 13.Nc4 b5 14.axb5 axb5 15.Na5 Bd7
16.b4 c4 17.Qc2 O-O 18.Rad1 Rb6 19.f4 e4 20.g4 fxg4 21.Bxe4 f5 22.Bg2 Qe7
23.e4 Rbb8 24.e5 Qh4 25.e6 Be8 26.Nd4 Qf6 27.Qe2 h5 28.Rfe1 Bh6 29.Qe3 h4
30.h3 Bh5 31.Ra1 gxh3 32.Bh1 Kh8 33.Kh2 Rg8 34.Rg1 Rg4 35.Raf1 Rbg8 36.Ne2 R8g7
37.Nc6 Kh7 38.Ncd4 Rxg1 39.Rxg1 Bg4 40.Bf3 Qe7 41.Bxg4 fxg4 42.Qe4+  1-0

[Event "5th Pablo Gorbea Mem Open"]
[Site "Madrid ESP"]
[Date "2001.09.13"]
[Round "7"]
[White "San Emeterio Cabanes,J"]
[Black "Simonenko,S"]
[Result "1-0"]
[WhiteElo "2288"]
[BlackElo "2419"]

1.d4 Nf6 2.Bg5 d5 3.Bxf6 exf6 4.e3 Bd6 5.c4 dxc4 6.Bxc4 O-O 7.Nc3 c6 8.Nge2 f5
9.Qc2 Nd7 10.O-O-O Nf6 11.h3 b5 12.Bd3 g6 13.g4 fxg4 14.hxg4 Bxg4 15.Rdg1 Qd7
16.Ng3 Bf3 17.Rh4 Rfe8 18.Nf5 Bf8 19.Rf4 Bd5 20.Kb1 b4 21.Nxd5 Nxd5 22.Rh4 Rab8
23.e4 b3 24.Qd2 bxa2+ 25.Ka1 Nf6 26.e5 Nd5 27.Nh6+ Kh8 28.Nxf7+ Kg8 29.Rxh7 Nf6
30.Rxg6+ Kxh7 31.Rg1+  1-0

[Event "Battle of Crete Rapid"]
[Site "Panormo GRE"]
[Date "2001.09.21"]
[Round "1"]
[White "Felizes,P"]
[Black "Banikas,H"]
[Result "0-1"]
[WhiteElo "2134"]
[BlackElo "2531"]

1.d4 Nf6 2.Bg5 d5 3.Nd2 c5 4.dxc5 e6 5.e4 h6 6.Bxf6 Qxf6 7.c3 Bxc5 8.Ngf3 Nc6
9.Bd3 g5 10.Nb3 Bb6 11.Qe2 dxe4 12.Bxe4 Bd7 13.a4 a6 14.O-O Rd8 15.a5 Ba7
16.Rfd1 O-O 17.Bc2 Bc8 18.Qe4 Qg7 19.Nfd4 Nxd4 20.cxd4 Rd5 21.Bd3 Rfd8 22.Bc4 R5d6
23.Rac1 Bxd4 24.Nxd4 Rxd4 25.Rxd4 Rxd4 26.Qf3 Rd8 27.h4 Qxb2 28.Rd1 Rxd1+
29.Qxd1 Kg7 30.hxg5 hxg5 31.Qd3 Qa1+ 32.Kh2 Qxa5 33.Qd4+ f6 34.Qd6 Qe5+  0-1

[Event "Battle of Crete Rapid"]
[Site "Panormo GRE"]
[Date "2001.09.21"]
[Round "5"]
[White "Felizes,P"]
[Black "Grivas,E"]
[Result "0-1"]
[WhiteElo "2134"]
[BlackElo "2489"]

1.d4 Nf6 2.Bg5 g6 3.Nd2 d5 4.Bxf6 exf6 5.e3 c6 6.c4 Be6 7.cxd5 Bxd5 8.Ne2 Bd6
9.Nc3 Be6 10.Be2 f5 11.Nf3 Nd7 12.O-O O-O 13.Rc1 Nb6 14.Re1 a5 15.Bf1 a4
16.a3 Re8 17.e4 Bf4 18.Ra1 Qf6 19.d5 cxd5 20.e5 Qd8 21.Qd4 Bh6 22.Bb5 Re7
23.Bxa4 Rc7 24.Bb3 Qe7 25.Rad1 Rd8 26.Qd3 Rc5 27.Nd4 Bf8 28.Nxe6 fxe6 29.f4 Rdc8
30.Kh1 Qc7 31.h4 Qxe5 32.g3 h5 33.Kg2 Rb5 34.Re3 Rbc5 35.Re2 Be7 36.Rdd2 R5c6
37.Rd1 Rc4 38.Ba4 R4c7 39.Bb3 Kf7 40.Rde1 Bc5 41.Rc1 Bd4 42.Rcc2 Rc6 43.Rcd2 Bc5
44.Ba4 R6c7 45.b4 Be7 46.Bb3 Bd8 47.Bc2 Rxc3 48.Bb3 d4 49.Kh2 Na4 50.Bxa4 Ba5
51.Qxc3 Rxc3 52.b5 Rxa3 53.Bd1 b6 54.Kg2 Ra1 55.fxe5 Kf8 56.Kf2 Rb1 57.Kg2 Ke8
58.Kh2 Kf7 59.Kg2 Rb2 60.Rxb2 f4 61.Kf3 g5 62.Kf2 Be1+ 63.Kxe1 gxh4  0-1

[Event "Battle of Crete Rapid"]
[Site "Panormo GRE"]
[Date "2001.09.21"]
[Round "7"]
[White "Galego,L"]
[Black "Banikas,H"]
[Result "0-1"]
[WhiteElo "2467"]
[BlackElo "2531"]

1.d4 Nf6 2.Bg5 d5 3.Bxf6 gxf6 4.e3 c5 5.c3 cxd4 6.cxd4 Qb6 7.Qc2 Nc6 8.Nc3 Bf5
9.Qd2 e6 10.Nf3 Rg8 11.Nh4 Be4 12.Bd3 f5 13.Bxe4 fxe4 14.g3 Qa6 15.Qe2 Qxe2+
16.Kxe2 Be7 17.Ng2 Kd7 18.f3 exf3+ 19.Kxf3 Rac8 20.Nf4 Na5 21.Rac1 Nc4 22.b3 Nd2+
23.Ke2 Ne4 24.Nxe4 dxe4 25.Kd1 Ba3 26.Rxc8 Rxc8 27.Ne2 f5 28.Rf1 Bd6 29.Kd2 h5
30.h4 Rg8 31.Rg1 e5 32.dxe5 Bxe5 33.Ke1 Rc8 34.Kd2 Rg8 35.Ke1 Ke6 36.Rg2 b5
37.Rg1 a5 38.Kf2 Rc8 39.Rc1 Rxc1 40.Nxc1 Kd5 41.Ne2 Kc5 42.Ke1 Kb4 43.Kd2 Ka3
44.Nd4 Kxa2 45.Kc2 Bxd4 46.exd4 b4 47.d5 a4  0-1

[Event "4NCL"]
[Site "Birmingham ENG"]
[Date "2001.09.22"]
[Round "1"]
[White "Collier,D"]
[Black "Smith,AP"]
[Result "1-0"]
[WhiteElo "2254"]
[BlackElo "2234"]

1.d4 Nf6 2.Bg5 c5 3.Bxf6 gxf6 4.e3 Qb6 5.b3 f5 6.c3 h5 7.Ne2 Bh6 8.Na3 h4
9.dxc5 Qg6 10.Nb5 Na6 11.Qc2 Qf6 12.Nf4 Bxf4 13.exf4 h3 14.Nd4 e6 15.Nb5 Nb4
16.Qd2 Nd5 17.Rd1 Kf8 18.c4 a6 19.Nd4 Ne7 20.g3 Ng6 21.Nf3 Kg8 22.Qd4 Qd8
23.b4 a5 24.b5 a4 25.Be2 Qa5+ 26.Kf1 Qb4 27.Ng5 a3 28.Qf6 Rh6 29.Qxf7+ Kh8
30.Nxe6 Qb2 31.Qe8+ Kh7 32.Ng5+ Kg7 33.Qf7+ Kh8 34.Qd5 Kg7 35.Qd4+ Kf8 36.Bf3 Ra4
37.Bd5 Ne7 38.Rd2 Qb1+ 39.Ke2 Qxh1 40.Bxh1  1-0

[Event "4NCL"]
[Site "Birmingham ENG"]
[Date "2001.09.22"]
[Round "1"]
[White "Povah,N"]
[Black "Ledger,D"]
[Result "1-0"]
[WhiteElo "2362"]
[BlackElo "2312"]

1.d4 Nf6 2.Bg5 d5 3.Bxf6 gxf6 4.c4 dxc4 5.e3 c5 6.Bxc4 cxd4 7.exd4 Bg7 8.Nc3 Nc6
9.Nge2 f5 10.d5 Ne5 11.Bb3 Bd7 12.O-O Qb6 13.Rc1 Qh6 14.Ba4 O-O 15.Bxd7 Nxd7
16.Ng3 Be5 17.Qf3 Bf4 18.Rce1 Ne5 19.Qh5 Qf6 20.Nxf5 Ng6 21.g3 Bg5 22.Ne4 Qxf5
23.Nxg5 Rfd8 24.Qxh7+ Kf8 25.Re5 Qf6 26.Ne6+  1-0

[Event "ECC"]
[Site "Panormo GRE"]
[Date "2001.09.23"]
[Round "1"]
[White "Hall,Je"]
[Black "Salmensuu,O"]
[Result "0-1"]
[WhiteElo "2501"]
[BlackElo "2431"]

1.d4 Nf6 2.Bg5 c5 3.Bxf6 gxf6 4.e3 d5 5.Nc3 e6 6.Nge2 Nc6 7.g3 cxd4 8.exd4 Qb6
9.Bg2 Qxb2 10.O-O Qb6 11.Re1 Bb4 12.Nxd5 exd5 13.Nc3+ Be7 14.Nxd5 Qd8 15.Qh5 O-O
16.Rxe7 Nxe7 17.Nxf6+ Kg7 18.Qe5 Nf5 19.Nh5+ Kh6 20.Re1 Kxh5 21.Re4 Kh6 22.Rg4 Qd6
23.Qe1 Qf6 24.Be4 Qg6 25.Rxg6+ hxg6 26.Bg2 Kh7 27.g4 Nxd4 28.Qe7 Kg8 29.c3 Nc6
30.Qg5 Be6 31.f4 Rfd8 32.f5 Rd1+ 33.Kf2 Bc4 34.f6 Nd8 35.Qh6 Ne6 36.Bf3 Rf1+
37.Kg2 Rd8 38.h4 Ra1 39.h5 Rxa2+ 40.Kg3 g5 41.Be4 Rd3+  0-1

[Event "ECC"]
[Site "Panormo GRE"]
[Date "2001.09.25"]
[Round "3"]
[White "Karttunen,M"]
[Black "Portisch,L"]
[Result "0-1"]
[WhiteElo "2466"]
[BlackElo "2591"]

1.d4 Nf6 2.Bg5 c5 3.Bxf6 gxf6 4.d5 Qb6 5.Qc1 f5 6.c4 Bh6 7.e3 f4 8.e4 Qg6
9.Qc2 d6 10.Nf3 Bg4 11.Nbd2 Nd7 12.Nh4 Qf6 13.Nf5 Bf8 14.h3 Bh5 15.g4 fxg3
16.Nxg3 Bg6 17.h4 h5 18.Bh3 Bh6 19.Bxd7+ Kxd7 20.Rb1 Rhc8 21.Qd3 Rab8 22.Kf1 a6
23.a4 Qd4 24.Ke2 Qxd3+ 25.Kxd3 b5 26.b3 e6 27.Nf3 exd5 28.cxd5 bxa4 29.bxa4 c4+
30.Kc2 Bg7 31.Ng5 Be5 32.Nf5 a5 33.Nf3 Bf6 34.Rb5 Rxb5 35.axb5 Bxf5 36.exf5 a4
37.Nd2 Be5 38.Nb1 Kc7 39.Na3 Kb6 40.Rb1 Kc5 41.b6 Kxd5 42.b7 Rb8 43.Rb4 Bd4
44.Nxc4 Bc5 45.Rxa4 Rxb7 46.f4 Rb8 47.Nd2 Re8 48.Nb1 Re2+ 49.Kd3 Re3+ 50.Kd2 Bd4
51.Na3 Rb3 52.Nc2 Bc5 53.Ra8 Rf3 54.Rh8 Kc4  0-1

[Event "ECC"]
[Site "Panormo GRE"]
[Date "2001.09.29"]
[Round "7"]
[White "Dunworth,C"]
[Black "Vestly,J"]
[Result "1-0"]
[WhiteElo "2289"]
[BlackElo "2109"]

1.d4 Nf6 2.Bg5 d5 3.Bxf6 exf6 4.e3 Bf5 5.Nf3 Bb4+ 6.c3 Be7 7.Qb3 b6 8.c4 dxc4
9.Bxc4 O-O 10.O-O Nc6 11.Bd3 Bxd3 12.Qxd3 Ne5 13.Qe4 Nxf3+ 14.Qxf3 c5 15.Rd1 cxd4
16.exd4 Bd6 17.Nc3 Rc8 18.Rd3 Qd7 19.Rad1 b5 20.a3 a5 21.Ne4 Rfd8 22.Nc5 Qc7
23.Nb7 Re8 24.Rc3 Qb6 25.Rxc8 Rxc8 26.Nxd6 Qxd6 27.Qf5 Rb8 28.Qc5 Qd7 29.d5 Rc8
30.Qd4 a4 31.d6 Rc4 32.Qd5 g6 33.g3 Kg7 34.Re1 h5 35.Re7 Qf5 36.Rxf7+ Kh6
37.Qxf5 gxf5 38.Rxf6+ Kg5 39.Re6 h4 40.Kg2 hxg3 41.hxg3 Rd4 42.f4+ Kh5 43.Kh3 b4
44.axb4 Rxb4 45.Rf6 Rxb2 46.Rxf5+ Kg6 47.Ra5 Rd2 48.Rxa4 Rxd6 49.g4 Rb6 50.Kh4 Rc6
51.Re4 Kg7 52.f5 Kf7 53.Kg5 Ra6 54.Rb4 Ra7 55.Kf4 Kg7 56.g5 Kf7 57.g6+ Kg7
58.Kg5 Ra5 59.Rb7+ Kg8 60.Kh6  1-0

[Event "Tatry Open"]
[Site "High Tatras SVK"]
[Date "2001.09.31"]
[Round "3"]
[White "Hlinka,V"]
[Black "Kantorik,M"]
[Result "1/2-1/2"]
[WhiteElo "2142"]
[BlackElo "2299"]

1.d4 Nf6 2.Bg5 c5 3.d5 Qb6 4.Nc3 Qxb2 5.Bd2 Qb6 6.e4 d6 7.f4 g6 8.Nf3 Bg7
9.Rb1 Qd8 10.Bb5+ Kf8 11.Bc4 b6 12.e5  1/2-1/2

[Event "Chigorin Mem Open"]
[Site "St Petersburg RUS"]
[Date "2001.10.03"]
[Round "9"]
[White "Vager,I"]
[Black "Sharipov,V"]
[Result "1-0"]
[WhiteElo "2196"]
[BlackElo "2277"]

1.d4 Nf6 2.Bg5 c5 3.Bxf6 gxf6 4.e3 e6 5.c3 d5 6.Nf3 Rg8 7.dxc5 Bxc5 8.Qa4+ Bd7
9.Qh4 Rg7 10.Nbd2 f5 11.Qxd8+ Kxd8 12.Nb3 Bd6 13.g3 Ke7 14.O-O-O Bc6 15.Nfd4 Nd7
16.Kb1 Ne5 17.Be2 Ba4 18.h3 Rh8 19.Nb5 Bxb5 20.Bxb5 h5 21.h4 Ng4 22.Rd2 Rc8
23.Nd4 Rgg8 24.Rf1 Nf6 25.Be2 a6 26.Bf3 Rc4 27.Rc2 Rgc8 28.Rd1 Be5 29.Be2 R4c7
30.Nf3 Bd6 31.Nd4 Ng4 32.Bf3 Kf6 33.Nb3 Be5 34.Nc1 b5 35.Nd3 Bd6 36.a3 Kg6
37.Bxg4 fxg4 38.Nc1 Kf5 39.Nb3 Be5 40.Re2 Bg7 41.Kc2 Rxc3+ 42.bxc3 Rxc3+
43.Kb1 Rxb3+ 44.Ka2 Rc3 45.Rb1 Ke4 46.Rd2 Rc4 47.Kb3 Be5 48.Rbd1 Kf3 49.Rb1 a5
50.Ka2 Bc3 51.Rc2 b4 52.Kb3 Rc7 53.Rd1 a4+ 54.Kxa4 Ra7+ 55.Kb5 Rxa3 56.Kc5 Ra5+
57.Kd6 Rb5 58.Rb1 Rb7 59.Rxc3 Rb6+ 60.Ke5 bxc3 61.Rxb6 Kxf2 62.Rc6 Kxg3 63.Rxc3 Kxh4
64.Kf4 f6 65.Rc6 e5+ 66.Kf5 d4 67.exd4 exd4 68.Kf4 g3 69.Kf3 Kh3 70.Rc1 g2
71.Rg1 f5 72.Rxg2 h4 73.Rd2 f4 74.Rxd4 Kh2 75.Kf2 h3 76.Kf3 Kg1 77.Rd1+ Kh2
78.Kf2 f3 79.Rd4 Kh1 80.Rd3  1-0

[Event "TCh-BUL"]
[Site "Pamporovo BUL"]
[Date "2001.10.04"]
[Round "3"]
[White "Jovchev,A"]
[Black "Stefanov,K"]
[Result "1-0"]
[WhiteElo "2239"]
[BlackElo "2378"]

1.d4 Nf6 2.Bg5 c5 3.d5 Qb6 4.Nc3 d6 5.e4 Nbd7 6.Bb5 a6 7.Bxd7+ Bxd7 8.Qd2 g6
9.Nge2 Bg7 10.Bh6 Bxh6 11.Qxh6 O-O-O 12.O-O Ng4 13.Qd2 h5 14.a4 h4 15.a5 Qb4
16.b3 f5 17.h3 Nf6 18.f3 fxe4 19.Qe3 Bb5 20.fxe4 Bxe2 21.Nxe2 Qxe4 22.Qxe4 Nxe4
23.Nf4 g5 24.Ne6 Rdg8 25.Rae1 c4 26.g4  1-0

[Event "ch-SLO"]
[Site "Grize SLO"]
[Date "2001.10.05"]
[Round "5"]
[White "Spelec,D"]
[Black "Penko,I"]
[Result "1/2-1/2"]
[WhiteElo "2158"]
[BlackElo "2238"]

1.d4 Nf6 2.Bg5 c5 3.d5 Qb6 4.Bxf6 gxf6 5.Qc1 f5 6.e3 Bg7 7.Nc3 d6 8.Bb5+ Bd7
9.Bxd7+ Nxd7 10.Nge2 Rg8 11.O-O Qb4 12.f4 Bxc3 13.Nxc3 Nf6 14.Qd2 Ne4 15.Nxe4 Qxe4
16.Kh1 O-O-O 17.Rf3 Rg7 18.Qd3 Rdg8 19.Qxe4 fxe4 20.Rf2 f5  1/2-1/2

[Event "FSGM October"]
[Site "Budapest HUN"]
[Date "2001.10.09"]
[Round "4"]
[White "Kosanovic,G"]
[Black "Dembo,Y"]
[Result "1/2-1/2"]
[WhiteElo "2442"]
[BlackElo "2398"]

1.d4 Nf6 2.Bg5 d5 3.e3 g6 4.Bxf6 exf6 5.c4 dxc4 6.Bxc4 Bd6 7.h4 h5 8.Qc2 Nc6
9.Nc3 Nb4 10.Qb3 O-O 11.a3 Nc6 12.Bd3 Ne7 13.Nge2 c6 14.Ne4 Nd5  1/2-1/2

[Event "FSIMB October"]
[Site "Budapest HUN"]
[Date "2001.10.12"]
[Round "7"]
[White "Reiss,T"]
[Black "Farago,S"]
[Result "1-0"]
[WhiteElo "2269"]
[BlackElo "2323"]

1.d4 Nf6 2.Bg5 c5 3.Bxf6 exf6 4.d5 f5 5.e3 d6 6.Nd2 Be7 7.Bd3 O-O 8.Qf3 g6
9.h4 Bf6 10.c3 Nd7 11.g3 Ne5 12.Qe2 a6 13.a4 Rb8 14.Nh3 Re8 15.O-O Bd7 16.a5 Nxd3
17.Qxd3 Bb5 18.c4 Bd7 19.Ra2 b5 20.axb6 Rxb6 21.b3 Qe7 22.Nf4 Qe5 23.Rc1 h6
24.Qf1 Bg7 25.Nd3 Qe7 26.Rb1 Bc3 27.Qc1 Bf6 28.b4 Reb8 29.bxc5 Rxb1 30.Nxb1 Qe4
31.Qc2 dxc5 32.Nd2 Qg4 33.Nf1 g5 34.Rxa6 Bg7 35.hxg5 hxg5 36.Ra2 f4 37.exf4 gxf4
38.Nxf4 Bf5 39.Qe2 Qg5 40.d6 Bd4 41.Qe7 Bf6 42.Qc7 Rc8 43.Qb6 Be4 44.d7 Rd8
45.Rd2 Kg7 46.Nd5 Rh8 47.f3 Bxd5 48.Rxd5 Bd4+ 49.Kg2 Qe7 50.Rxd4 cxd4 51.Qxd4+ Qf6
52.Qd2 Rb8 53.c5 Rd8 54.c6 Qe5 55.Qf4 Qb2+ 56.Nd2 f6 57.c7 Rxd7 58.c8=Q Rxd2+
59.Kh3 Rh2+ 60.Kg4 Rc2 61.Qd7+ Kg8 62.Qe8+ Kg7 63.Qe7+ Kg8 64.Qexf6  1-0

[Event "It"]
[Site "Durres ALB"]
[Date "2001.10.12"]
[Round "2"]
[White "Rossi,C"]
[Black "Mitkov,M"]
[Result "1-0"]
[WhiteElo "2352"]
[BlackElo "2413"]

1.d4 Nf6 2.Bg5 d5 3.Bxf6 exf6 4.e3 Bd6 5.Bd3 c6 6.Nc3 Be6 7.Qf3 Nd7 8.Nge2 Qc7
9.h3 O-O-O 10.O-O-O Qa5 11.Kb1 Bb4 12.Ka1 Nb6 13.Nb1 Nc4 14.c3 Be7 15.Nf4 Bd7
16.e4 Nb6 17.exd5 cxd5 18.Rhe1 Bd6 19.b4 Qa4 20.Nxd5 Be6 21.Nxb6+ axb6 22.Rd2 Kc7
23.Be4 Rhe8 24.Ree2 Qa6 25.Bd5 Bxd5 26.Qxd5 Rxe2 27.b5 Qa4 28.Rxe2 Rd7 29.Qb3 Qxb3
30.axb3 f5 31.Re8 Be7 32.Kb2 Bf6 33.b4 Rd5 34.Na3 f4 35.f3 Rg5 36.Re2 h5
37.Kb3 Rf5 38.Kc4 g5 39.Nb1 g4 40.hxg4 hxg4 41.Nd2 g3 42.Ne4 Bg7 43.Ra2 Rh5
44.Ra8 Rh2 45.Rg8 Bh6 46.d5 f5 47.Nc5 Rxg2 48.Rg6 bxc5 49.b6+ Kd8 50.bxc5 Bf8
51.Rg8 Ke7 52.c6 bxc6 53.dxc6 Kf7 54.Rxf8+ Kxf8 55.c7  1-0

[Event "Lasker Autumn IM"]
[Site "Bucharest ROM"]
[Date "2001.10.13"]
[Round "1"]
[White "Nanu,C"]
[Black "Tikhomirov,S"]
[Result "1-0"]
[WhiteElo "2412"]
[BlackElo "2357"]

1.d4 Nf6 2.Bg5 g6 3.Bxf6 exf6 4.e3 f5 5.g3 Bg7 6.Bg2 O-O 7.Ne2 d6 8.O-O Nd7
9.c4 Re8 10.Nbc3 Nf6 11.Qc2 c6 12.b4 Qe7 13.b5 Ne4 14.a4 h5 15.h4 Bd7 16.a5 Rac8
17.Qd3 Bh6 18.a6 b6 19.Ra2 Bg7 20.Rc2 c5 21.Nd5 Qd8 22.Nec3 Nf6 23.Nxf6+ Bxf6
24.Bb7 Rb8 25.Bc6 Bxc6 26.bxc6 Rc8 27.Nb5 Rxc6 28.Nxa7 Rc7 29.Nb5 Rd7 30.a7 Qe7
31.Ra2 Ra8 32.Rd1 f4 33.dxc5 fxg3 34.cxd6 gxf2+ 35.Rxf2 Qe5 36.Qd5 Qxd5 37.Rxd5 Bxh4
38.Ra2 Bd8 39.Ra6 Rb7 40.Kg2 Kf8 41.Re5 Bf6 42.Re4 g5 43.Ra2 Kg7 44.Rd2 Rd7
45.Rd5 Kg6 46.c5 bxc5 47.Rxc5 Raxa7 48.Nxa7 Rxa7 49.Rd5 Rd7 50.Re8 Bd8 51.e4 f6
52.Rh8 h4 53.Kf3 Kg7 54.Rh5 Kg6 55.Kg4 Bb6 56.Rh8 Bd8 57.Rd2 Kg7 58.Rh5 Kg6
59.Rd3 Bb6 60.Rh8 Bd8 61.e5 fxe5 62.Re8 Bf6 63.Re6 Kf7 64.Kf5 Bd8 65.Rxe5 Bf6
66.Re6 Bd8 67.Re4 Bf6  1-0